| 000 | 00779 a2200241 4500 | ||
|---|---|---|---|
| 020 | _a3540345175 | ||
| 020 | _a9783540345176 | ||
| 040 |
_aDLC _bDLC |
||
| 100 | _aCalero, Coral | ||
| 245 | 0 | 0 |
_aOntologies for software engineering and software technology _cCoral Calero, Francisco Ruiz, Mario Piattini |
| 260 |
_aNew York : _bSpringer, _cc2006. |
||
| 300 |
_axiii, 339 p. : _bill. ; _c25 cm. |
||
| 650 | 0 | _aOntologies (Information retrieval) | |
| 650 | 0 | _aSoftware engineering. | |
| 650 | 0 | _aOntologies (Recherche de l'information) | |
| 650 | 0 | _aGenie logiciel. | |
| 650 | 0 | _aProgrammatuurtechniek. | |
| 650 | 0 | _aTerminologie. | |
| 700 | 1 |
_aCalero, Coral, _d1968- |
|
| 700 | 1 |
_aRuiz, Francisco, _d1967- |
|
| 700 | 1 |
_aPiattini, Mario, _d1966- |
|
| 942 |
_cBK _k005.1 CAL _2ddc |
||
| 999 |
_c10110 _d10110 |
||